000 00423nam a2200157Ia 4500
005 20250620005348.0
008 240331s9999 xx 000 0 und d
020 _a955205558X
082 _bHIR
_a305
100 _a Hiripitiye Pangnakiththi, Himi
245 0 _aPurathana bharatheeya kanthawa
260 _aColombo
_bS. Godage & Brothers
_c2002
300 _a140 p.,
500 _aA book on Ancient Indian Women
942 _cL
999 _c1842
_d1842